| 000 | 00477nam a22001697a 4500 | ||
|---|---|---|---|
| 999 |
_c163202 _d163202 |
||
| 005 | 20190402132856.0 | ||
| 010 | _aB-060999 | ||
| 020 |
_a0941413357 _c295.00 |
||
| 035 | _aB-060999 | ||
| 037 | _bOxford university press | ||
| 082 | _a621.38 | ||
| 100 | _aLathi, B.P. | ||
| 245 |
_aSignal processing and linear systems / _cB.P. Lathi |
||
| 260 |
_aNew Delhi _bOxford University Press _c1998 |
||
| 300 |
_a850p. _c24cm(pbk) |
||
| 942 |
_2ddc _cEN _h621.38 _mLAT |
||